00216nam a2200073Ia 4500082001600000245004000016100004500056008004100101 a248.32|OMAR 0aThe prayer that changes everything  a OMARTIAN, Stormie Eugene, Or., 2004 210817s9999 xx 000 0 und d